Archiv der Gesichter (Record no. 185468)

MARC details
000 -LEADER
campo de control de longitud fija 01317nam a2200313 i 4500
001 - NÚMERO DE CONTROL
campo de control 185468
003 - IDENTIFICADOR DE NÚMERO DE CONTROL
campo de control ES-MaACL
005 - FECHA Y HORA DE LA ÚLTIMA TRANSACCIÓN
campo de control 20230906222438.0
008 - DATOS DE LONGITUD FIJA--INFORMACIÓN GENERAL
campo de control de longitud fija 160607s1999 gw ac c |||| |dger d
020 ## - NÚMERO INTERNACIONAL ESTÁNDAR DEL LIBRO
Número Internacional Estándar del Libro 3-933679-20-6
080 ## - NÚMERO DE LA CLASIFICACIÓN DECIMAL UNIVERSAL
Número de la Clasificación Decimal Universal 7.031.2(083.824)
080 ## - NÚMERO DE LA CLASIFICACIÓN DECIMAL UNIVERSAL
Número de la Clasificación Decimal Universal 929(430):73.041.5
245 00 - MENCIÓN DEL TÍTULO
Título Archiv der Gesichter
Resto del título : Toten- und Lebendmasken aus dem Schiller-Nationalmuseum : eine Ausstellung des deutschen Literaturarchivs und der Stiftung Museum Schloss Moyland in Verbindung mit dem Museum für Sepulkralkultur in Kassel /
Mención de responsabilidad, etc. [Ausstellung und katalog, Michael Davidis und Ingeborg Dessoff-Hahn...].
250 ## - MENCION DE EDICION
Mención de edición 2., durchgesehene Aufl.
260 ## - PUBLICACIÓN, DISTRIBUCIÓN, ETC.
Lugar de publicación, distribución, etc. Marbach am Neckar :
Nombre del editor, distribuidor, etc. Deutsche Schillergesellschaft,
Fecha de publicación, distribución, etc. 1999.
300 ## - DESCRIPCIÓN FÍSICA
Extensión 394 p. :
Otras características físicas il., principalmente retr. ;
Dimensiones 21 x 15 cm.
490 1# - MENCIÓN DE SERIE
Mención de serie Marbacher kataloge ;
Designación de volumen o secuencia 53
500 ## - NOTA GENERAL
Nota general Índices.
504 ## - NOTA DE BIBLIOGRAFÍA, ETC.
Nota de bibliografía, etc. Bibliografía: p. 52-53.
650 #4 - PUNTO DE ACCESO ADICIONAL DE MATERIA--TÉRMINO DE MATERIA
Término de materia o nombre geográfico como elemento de entrada Máscaras-
Subdivisión de forma Exposiciones.
9 (RLIN) 159804
650 #4 - PUNTO DE ACCESO ADICIONAL DE MATERIA--TÉRMINO DE MATERIA
Término de materia o nombre geográfico como elemento de entrada Alemanes-
Subdivisión general Retratos.
9 (RLIN) 159807
655 #7 - TERMINO DE INDIZACIÓN--GENERO/FORMA
Fuente del término tgfbne
9 (RLIN) 193628
Datos o término principal de género/forma Catálogos de exposiciones
700 1# - ENTRADA AGREGADA--NOMBRE PERSONAL
Nombre de persona Davidis, Michael.
9 (RLIN) 159806
710 2# - ENTRADA AGREGADA--NOMBRE DE ENTIDAD CORPORATIVA
Nombre de entidad corporativa o nombre de jurisdicción como elemento de entrada Schiller-Nationalmuseum.
9 (RLIN) 159805
830 0# - PUNTO DE ACCESO ADICIONAL DE SERIE-TÍTULO UNIFORME
Título uniforme Marbacher kataloge ;
Designación de volumen o secuencia 53
9 (RLIN) 225219
852 ## - LOCALIZACIÓN
Ubicación ES-MaACL
Número de control de estantería L-30357
Nota libre . - Donat. Miguel A. Velasco
942 ## - ELEMENTOS DE ENTRADA SECUNDARIOS (KOHA)
Fuente del sistema de clasificación o colocación Clasificación decimal universal
Holdings
Estatus retirado Estado de pérdida Estado de daño No para préstamo Biblioteca de origen Biblioteca actual Ubicación en estantería Fecha de adquisición Fuente de adquisición Total de préstamos Signatura topográfica completa Código de barras Visto por última vez Precio de reemplazo Tipo de ítem Koha
        Biblioteca del Ateneo de Madrid Biblioteca del Ateneo de Madrid Depósito 2 07/06/2016     L-30357 1195406 23/02/2023 23/02/2023 Libro impreso